000 00458nam a2200181Ia 4500
001 4879
005 20260306145827.0
008 260306t2011||||xx |||||||||||||| ||spa||
041 _aESP
082 _a330.98505
_bM58
100 _aMiller, Rory
_eAUT
245 0 _aEmpresas británicas, economía y política en el Perú 1850 - 1934
260 _c2011
300 _a489 páginas :
_c20 cm.
650 _aGEN
654 _aCAN
942 _cLIB
_dJUS
_fJUS
_2ddc
_n
999 _c4879
_d4879